Building defects - what are the rest of the world's problems? (Record no. 74134)
[ view plain ]
| 000 -LEADER | |
|---|---|
| fixed length control field | 00980cab a2200205 4500 |
| 001 - CONTROL NUMBER | |
| control field | ABS67395 |
| 008 - FIXED-LENGTH DATA ELEMENTS--GENERAL INFORMATION | |
| fixed length control field | 040205n2004 000 0 eng u |
| 035 ## - SYSTEM CONTROL NUMBER | |
| System control number | (Sirsi) u125069 |
| 100 ## - MAIN ENTRY--PERSONAL NAME | |
| Personal name | Mahoney, C. |
| 245 ## - TITLE STATEMENT | |
| Title | Building defects - what are the rest of the world's problems? |
| 260 ## - PUBLICATION, DISTRIBUTION, ETC. | |
| Date of publication, distribution, etc. | 2004 |
| 490 ## - SERIES STATEMENT | |
| Series statement | RICS Building Surveying Faculty: The Journal |
| Volume/sequential designation | (9) January/February 2004, 12-13(2) |
| 520 ## - SUMMARY, ETC. | |
| Summary, etc. | Reports on the recent "Second CIB international symposium on building pathology, durability and rehabilitation" (ISBN 972491982X). Debates covered building failures, methods of detection and remedies. It was concluded that problems are replicated globally, with the exception of those relating to climate. Case studies included external algae growth on buildings and timber defects. |
| 590 ## - LOCAL NOTE (RLIN) | |
| Local note | ABS |
| 650 ## - SUBJECT ADDED ENTRY--TOPICAL TERM | |
| Topical term or geographic name entry element | BUILDING PATHOLOGY |
| 650 ## - SUBJECT ADDED ENTRY--TOPICAL TERM | |
| Topical term or geographic name entry element | DURABILITY |
| 650 ## - SUBJECT ADDED ENTRY--TOPICAL TERM | |
| Topical term or geographic name entry element | REHABILITATION |
| 690 ## - LOCAL SUBJECT ADDED ENTRY--TOPICAL TERM (OCLC, RLIN) | |
| Topical term or geographic name as entry element | BUILDING AND CONSTRUCTION-DEFECTS AND FAILURES |
| 942 ## - ADDED ENTRY ELEMENTS (KOHA) | |
| Suppress in OPAC | 0 |
| Withdrawn status | Lost status | Source of classification or shelving scheme | Damaged status | Not for loan | Home library | Current library | Shelving location | Date acquired | Total Checkouts | Full call number | Barcode | Date last seen | Copy number | Price effective from | Koha item type |
|---|---|---|---|---|---|---|---|---|---|---|---|---|---|---|---|
| Dewey Decimal Classification | London | London | Journal article | 05/02/2004 | ABS67395 | 125069-1001 | 06/08/2019 | 1 | 06/08/2019 | Journal article |